[Event "XXVII RUS-chT Premier 2020"]
[Site "Sochi"]
[Date "2020.11.27"]
[Round "8.9"]
[White "Paravyan, David"]
[Black "Gaifullin, Artur"]
[Result "1-0"]
[WhiteElo "2654"]
[BlackElo "2460"]
[Annotator "TA"]
[PlyCount "95"]
[EventDate "2020.11.19"]
[EventType "team-tourn"]
[EventCountry "RUS"]
[SourceTitle "playchess.com"]
[Source "ChessBase"]
[SourceQuality "1"]

{[%evp 9,95,1,14,0,-10,-16,-12,-16,-7,-16,-3,0,10,7,34,44,30,12,35,33,33,20,56,44,83,65,83,74,79,47,61,62,107,60,56,58,54,79,83,51,63,32,30,32,139,140,149,122,136,124,120,141,114,108,136,122,123,56,56,56,56,56,60,43,44,23,53,84,1090,1091,1004,984,5736,5699,5691,5231,5255,5210,2646,846,972,810,5838,5318,4794,2280,29987,29988]} 1. Nf3 Nf6 2. c4 e6 3. g3 d5 4. Bg2 d4 5. d3 c5 6. e4 {A13: English Opening: 1...e6.} Nc6 7. e5 Nd7 8. Bf4 {The position is equal.} Be7 9. h4 O-O 10. Nbd2 {[#]} Qc7 $146 ({Predecessor:} 10... f6 11. exf6 gxf6 12. Ne4 e5 13. Bh6 Rf7 14. g4 Nf8 15. Bh3 Ne6 16. Qe2 b5 {1-0 (28) Donchenko,A (2595)-Villegas,P (2354) Brest 2019}) 11. Qe2 b6 12. Ng5 Bb7 $1 {[%cal Rc6e5]} 13. Qe4 {[%csl Gg5][%cal Re4h7]} g6 14. Kf1 Rab8 {[%cal Rc6e5]} 15. Re1 b5 16. Qe2 bxc4 17. Nxc4 Na5 18. Nxa5 $1 Qxa5 19. Bxb7 Rxb7 20. b3 Qa6 21. h5 {Nxh7! is the strong threat.} Bxg5 22. Bxg5 Qc6 {[%cal Rc6h1]} 23. Kg1 Qd5 24. f4 Ra8 25. Qh2 Nf8 $1 26. Qh4 Qf3 (26... a5 $1 $14) 27. g4 $16 Qxd3 28. Rh3 Qc2 29. Bh6 {Intending Qf6 and mate.} f5 {aiming for ...d3.} 30. exf6 {Black must now prevent Rh2.} d3 {And now ...d2 would win.} 31. f5 $1 {[%cal Rf5e6]} d2 {[#]} 32. Bxd2 $1 Qxd2 33. fxe6 (33. hxg6 $16 exf5 34. f7+ (34. gxf5 Qd4+ 35. Qxd4 cxd4 $14) 34... Kg7 35. g5 (35. gxf5 Qd4+ 36. Qxd4+ cxd4 $11) (35. gxh7 Ng6 $11) 35... Qd4+ 36. Qxd4+ cxd4 37. Re8 Kxg6 38. Rxa8 Rxf7 39. Rh6+ Kxg5 40. Rd6) 33... Qd4+ $1 $14 34. Kf1 Qf4+ 35. Qf2 $1 {[%cal Rf2f4]} Nxe6 $1 {[%mdl 64] Hoping for ...Qxf2+. Decoy} 36. Rxe6 Qxg4 {[%mdl 64] Double Attack} 37. Qe3 $36 {[%mdl 2048] Strongly threatening Re8+. Black is under pressure.} Qd1+ 38. Kg2 Qc2+ $2 {[%mdl 8192] This costs Black the game.} (38... Rf8 $16) 39. Kg3 $18 {Threatening mate with Re8+.} Rf8 40. Re7 Rxe7 41. fxe7 {[%mdl 4096] Endgame KQR-KQR} Re8 42. Qe6+ Kh8 {[#]} 43. hxg6 $1 {[%csl Gg6][%cal Rh3h7]} Qd3+ 44. Kg4 {[%csl Gg6][%cal Rh3h7]} Qd4+ 45. Kg5 {[%csl Gg6][%cal Rh3h7]} Qd2+ 46. Qe3 Qg2+ 47. Rg3 {White wants to mate with Qe5+.} Qd5+ 48. Kf6 {Weighted Error Value: White=0.08/Black=0.34} 1-0

[Event "XXVII RUS-chT Premier 2020"]
[Site "Sochi"]
[Date "2020.11.27"]
[Round "8.10"]
[White "Makhmutov, Rail"]
[Black "Antipov, Mikhail Al."]
[Result "0-1"]
[WhiteElo "2442"]
[BlackElo "2607"]
[Annotator "TA"]
[PlyCount "60"]
[EventDate "2020.11.19"]
[EventType "team-tourn"]
[EventCountry "RUS"]
[SourceTitle "playchess.com"]
[Source "ChessBase"]
[SourceQuality "1"]

{[%evp 15,60,-11,8,11,7,-8,0,0,0,-77,-81,-81,-87,-75,-85,-69,-81,-109,-109,-109,-108,-106,-90,-121,-123,-118,-122,-120,-94,-109,-109,-162,-158,-164,-164,-162,-162,-161,-161,-477,-379,-627,-207,-873,-870,-684,-656]} 1. d4 Nf6 2. c4 g6 3. Nc3 d5 4. Nf3 Bg7 5. Bg5 Ne4 6. Bh4 Nxc3 7. bxc3 dxc4 8. Qa4+ c6 9. Qxc4 {D91: Grünfeld: 4 Nf3 Bg7 5 Bg5.} Qa5 10. e3 (10. e4 {with more complications.} Be6 11. Qd3 Nd7 12. Nd2 Rd8 13. Qc2) 10... Be6 11. Qd3 {The position is equal.} Nd7 {[%cal Bb8d7,Bd7c5,Bc5d3][%mdl 32]} 12. Be2 {[#]} (12. Qd2 $11) 12... Nc5 $1 $17 {[%cal Rc5d3]} 13. Qc2 {[#]} Bf5 $1 {[%cal Rf5c2]} 14. Qb2 Nd3+ 15. Bxd3 Bxd3 16. Qb4 Qxb4 17. cxb4 a5 18. a3 Kd7 19. Ne5+ Bxe5 20. dxe5 {Strongly threatening Rd1.} Ke6 {aiming for ...axb4.} 21. Kd2 Rhd8 {Hoping for ...axb4.} 22. Kc3 c5 23. bxc5 (23. bxa5 $17 Rxa5 24. Rhd1) 23... Rac8 $19 24. Rac1 Rxc5+ 25. Kb2 Rb5+ 26. Ka1 Be4 {[#]} ({Don't do} 26... Rxe5 27. Bg3 $17) 27. Rc7 $146 (27. Rhd1 {is tougher.} Rxd1 28. Rxd1) ({Predecessor:} 27. Rhd1 Rxd1 28. Rxd1 Bxg2 29. Bg3 Rb3 30. Rd4 b5 31. a4 b4 32. e4 Ra3+ 33. Kb2 Rxa4 34. f4 Ra3 35. Rc4 Rc3 36. Rd4 Re3 37. Rd2 {0-1 (37) Meduna,E (2416)-Cernousek,L (2434) Czechia 2012}) 27... g5 28. Bxg5 $2 (28. Rxe7+ Kxe7 29. Bxg5+ Ke8 30. Bxd8 Kxd8 31. Rd1+ Ke7 32. g4) 28... f6 $2 (28... Rd3 {[%cal Rd3a3]} 29. Bxe7 (29. Rxe7+ {is a self mate.} Kf5 30. Rxf7+ Kxg5 31. h4+ Kg6 32. Rf6+ Kg7 33. Rf7+ {[%mdl 64] Decoy} Kxf7 34. e6+ Kxe6 35. Ka2 Bd5+ 36. Ka1 Rxa3#) 29... Rd2) 29. Bh4 $2 (29. Rxe7+ Kxe7 30. Bxf6+ Ke8 31. Bxd8 Kxd8 32. f3) 29... Rd3 {[%cal Rd3a3]} 30. Rc2 {[#]} Bd5 $1 {[%mdl 512] White got outplayed after the opening.  Weighted Error Value: White=0.63/Black=0.32} 0-1

[Event "XXVII RUS-chT Premier 2020"]
[Site "Sochi"]
[Date "2020.11.27"]
[Round "8.11"]
[White "Lomasov, Semyon"]
[Black "Samusenko, Maksim"]
[Result "1/2-1/2"]
[WhiteElo "2528"]
[BlackElo "2466"]
[Annotator "TA"]
[PlyCount "67"]
[EventDate "2020.11.19"]
[EventType "team-tourn"]
[EventCountry "RUS"]
[SourceTitle "playchess.com"]
[Source "ChessBase"]
[SourceQuality "1"]

{[%evp 10,67,25,21,22,-70,50,26,50,44,39,18,31,21,22,35,33,8,19,13,33,37,55,6,13,3,389,10,16,0,0,0,61,50,93,56,48,41,137,54,67,37,122,112,100,106,103,17,10,14,29,0,0,0,0,0,25,0,0,0]} 1. e4 c5 2. Nf3 Nc6 3. Nc3 e5 4. Bc4 Be7 5. d3 Nf6 6. Ng5 O-O $1 {B30: Sicilian: 2...Nc6 3 Bb5, lines without ...g6.} 7. h4 ({White should try} 7. a4 $11) 7... Nd4 (7... h6 $15) 8. Nd5 {[#] Black must now prevent Nxf6+.} Ne6 $146 {White has an edge.} ({Predecessor:} 8... b5 9. Nxf6+ Bxf6 10. Qh5 h6 11. Bxf7+ Rxf7 12. Qxf7+ Kh8 13. Kd1 c4 14. Qd5 Bxg5 15. hxg5 d6 16. gxh6 g6 17. Qf7 Qg8 18. Qxg8+ Kxg8 19. h7+ Kh8 20. Bg5 {1-0 (20) Golubev,M (2461)-Rodriguez,S (2252) chess.com INT 2020}) 9. Nxf6+ Bxf6 10. Qh5 {[%csl Gg5][%cal Rh5h7]} h6 11. Nf3 d6 12. g4 Be7 13. Rg1 b5 14. Bd5 Rb8 15. Bd2 Re8 16. g5 g6 $1 {[%cal Rg6h5]} 17. gxh6 (17. Qxh6 $2 Bf8 $19) 17... Kh8 $2 {[%mdl 8192] [#]} (17... Kh7 $1 $11 {and Black has nothing to worry.} 18. Qg4 Nc7) 18. Qg4 $2 ({White has to play} 18. Nxe5 $1 $18 {[%mdl 512]} dxe5 19. Qxe5+ {[%mdl 64] Double Attack} Bf6 20. Qxb8 {[%mdl 64] Double Attack}) 18... Nf4 ({But not} 18... Nd4 $6 19. Qg3 $16) 19. Qg3 Nxd5 20. exd5 Bf5 (20... e4 $11 21. Bc3+ (21. dxe4 Bf6 $16) 21... Bf6) 21. h5 $1 $36 {[%mdl 2048] White fights for an advantage.} Kh7 22. Bg5 c4 23. O-O-O {aiming for d4.} Rc8 {[#]} (23... cxd3 $14 24. cxd3 Rg8) 24. Kb1 (24. Bxe7 $1 $16 Qxe7 25. d4) 24... cxd3 25. cxd3 Rc5 ({Don't play} 25... Qc7 $6 26. Ka1 $16) (25... Rc4 $14) 26. Bxe7 $16 Qxe7 27. Ng5+ Kh8 28. Qf3 (28. hxg6 $16 {g7+ would kill now.} fxg6 29. Ne6) 28... Rec8 $11 29. Ne4 Rxd5 30. Ng3 Be6 31. Ne4 Bf5 32. Ng3 Be6 33. Ne4 Bf5 34. Ng3 {Weighted Error Value: White=0.46/Black=0.46} 1/2-1/2

[Event "XXVII RUS-chT Premier 2020"]
[Site "Sochi"]
[Date "2020.11.27"]
[Round "8.12"]
[White "Faizrakhmanov, Ramil"]
[Black "Kryakvin, Dmitry"]
[Result "1-0"]
[WhiteElo "2450"]
[BlackElo "2577"]
[Annotator "TA"]
[PlyCount "73"]
[EventDate "2020.11.19"]
[EventType "team-tourn"]
[EventCountry "RUS"]
[SourceTitle "playchess.com"]
[Source "ChessBase"]
[SourceQuality "1"]

{[%evp 9,73,20,23,16,49,40,28,24,37,26,33,10,21,6,28,16,21,0,0,0,0,0,0,0,7,8,24,0,0,0,32,17,20,0,0,0,13,0,0,0,0,0,0,0,43,19,20,0,229,235,237,237,229,229,229,237,237,237,312,320,345,345,323,280,344,344]} 1. d4 Nf6 2. c4 e6 3. Nf3 d5 4. Nc3 Nbd7 5. Bf4 dxc4 6. e3 {D37: Queen's Gambit Declined: 5 Bf4.} b5 7. Nxb5 Bb4+ 8. Nc3 {White has an edge.} Nd5 9. Rc1 (9. Bxc4 Nxc3 10. bxc3 Bxc3+ 11. Nd2 Bxa1 $17) 9... N7b6 10. Bg3 Bb7 11. Qc2 O-O 12. Be2 c5 13. O-O cxd4 14. Nxd4 {[#]} Nxc3 $146 ({Predecessor:} 14... Rc8 15. Rfd1 Qe7 16. Nxd5 Bxd5 17. e4 Bb7 18. Nb5 e5 19. a3 Bc6 20. axb4 Bxb5 {1-0 (50) Gorti,A (2240)-Mathur,R (2073) Chicago 2017}) 15. bxc3 Bd6 16. Rfd1 {Hoping for Nb5.} Bxg3 17. hxg3 {Black must now prevent Nxe6!} Qc7 18. Bf3 Bxf3 19. gxf3 Rfd8 20. Kg2 g6 21. Qe4 Rd5 22. f4 Rad8 {[%cal Ba8d8,Bd8d5,Bd5a5][%mdl 32]} 23. Rh1 e5 24. fxe5 Rxe5 25. Qf3 Rdd5 26. e4 Ra5 27. Rh4 h5 28. Rf4 Qb7 $2 {[#]} (28... Nc8 $11 {and Black is okay.}) 29. Rd1 $1 $18 Rxa2 {[#]} 30. Nf5 $1 {[%cal Rf5h6][%mdl 512]} Rxf5 ({Weaker is} 30... gxf5 31. Rd8+ Kg7 32. Qxh5 Qxe4+ 33. Rxe4 Rxf2+ 34. Kxf2 fxe4 35. Qxe5+ f6 36. Qe7+ Kh6 37. Qxf6+ Kh5 38. Rh8+ Kg4 39. Rh4#) 31. Rd8+ ({But not} 31. exf5 $6 Qxf3+ 32. Rxf3 (32. Kxf3 g5 $16) 32... g5) (31. Rxf5 $2 gxf5 32. Qxf5 (32. Rd8+ $2 Kg7 $19) 32... Qe7 $19) 31... Kg7 32. exf5 Qxf3+ 33. Rxf3 {f6+ is the strong threat.} gxf5 34. Rxf5 {White has a decisive advantage.} Rc2 35. Rf3 Re2 36. Rd6 Re7 37. Rc6 {Weighted Error Value: White=0.09/Black=0.22} 1-0

[Event "XXVII RUS-chT Premier 2020"]
[Site "Sochi"]
[Date "2020.11.27"]
[Round "8.13"]
[White "Bykov, Oleg"]
[Black "Najer, Evgeniy"]
[Result "0-1"]
[WhiteElo "2362"]
[BlackElo "2648"]
[Annotator "TA"]
[PlyCount "110"]
[EventDate "2020.11.19"]
[EventType "team-tourn"]
[EventCountry "RUS"]
[SourceTitle "playchess.com"]
[Source "ChessBase"]
[SourceQuality "1"]

{[%evp 17,110,0,15,4,8,5,15,-4,0,0,0,0,0,-9,5,-12,-14,-41,-35,-64,-71,-50,-34,-39,-45,-29,0,-12,0,-9,-23,0,18,20,20,20,14,0,14,20,15,-28,0,0,13,0,0,-102,0,-88,-97,-244,-67,-175,0,0,0,0,0,0,0,-13,86,-170,-171,-167,-187,-174,-181,-168,-118,-185,-181,-162,-173,-504,-472,-947,-885,-859,-762,-702,-747,-450,-317,-295,-306,-29982,-29983,-29983,-29984,-29994,-29995,-29995,-29996]} 1. d4 Nf6 2. c4 e6 3. Nf3 Bb4+ 4. Nbd2 d5 5. a3 Be7 6. g3 O-O 7. Bg2 b6 8. cxd5 exd5 9. O-O Bb7 10. b3 {E16: Queen's Indian: 4 g3 Bb7 5 Bg2 Bb4+.} Re8 11. Bb2 Bd6 {[#]} 12. Nh4 $146 {The position is equal.} ({Predecessor:} 12. Ne5 c5 13. Nd3 Nbd7 14. Re1 Rc8 15. Rb1 Qe7 16. e3 cxd4 17. exd4 Qf8 18. Rxe8 Qxe8 19. Nf3 Ne4 20. Rc1 Rxc1 21. Qxc1 Nf8 {½-½ (21) Kaasen,T (2396)-Johannessen,L (2462) Sarpsborg 2018}) 12... Nbd7 13. Nc4 Bf8 14. Ne5 Ne4 15. e3 Ndf6 16. Qd3 a5 17. Rfd1 c5 18. Rac1 a4 19. bxa4 c4 20. Qc2 Ra7 {[%mdl 1024] Black has compensation.} 21. f3 Ng5 22. Rb1 Qc7 23. g4 Bc6 24. Qf5 Ne6 25. g5 Nh5 26. f4 Bxa4 27. Rdc1 (27. Bxd5 g6 $17) 27... g6 28. Qg4 Qd8 29. Bc3 (29. Qf3 $5 {[%cal Rf3d5]}) 29... Bxa3 {Strongly threatening ...f6.} 30. Rf1 $1 Bf8 (30... Bd6 {feels hotter.} 31. f5 Bxe5 32. fxe6 Bxh2+ 33. Kxh2 Rxe6 34. Nf5 gxf5 35. Qxh5 Bc2) 31. f5 Nxg5 32. fxg6 (32. Ra1 $1 $11 Ng7 33. fxg6 fxg6 34. Rxa4 {[%mdl 64] Remove Defender} Rxa4 35. Nc6) 32... fxg6 (32... hxg6 $17 {aiming for ...Ng7.} 33. Nhxg6 fxg6 34. Nxg6 Ng7 35. Rxb6 Rf7 36. Rxf7 Nxf7) 33. Nhxg6 (33. Rxb6 $11 {keeps the balance.} Qxb6 34. Bxd5+ Nf7 35. Rxf7 (35. Bxf7+ $2 Rxf7 36. Nxf7 Nf6 $17) 35... Rxf7 36. Bxf7+ Kg7 37. Nf5+ Kh8 38. Kg2) 33... hxg6 $17 34. Nxg6 {[#]} (34. h4 $17 {was necessary.} Ne4 35. Bxe4 dxe4 36. Nxg6) 34... Ng7 $2 {[#]} (34... Bc2 $1 $19 {[%cal Rc2g6]} 35. Rxf8+ (35. Qxh5 $2 Rh7 $19) 35... Rxf8 36. Nxf8 Rg7) 35. Rxb6 $1 {[%mdl 512]} Qxb6 $2 ({Black should try} 35... Rf7 $19 36. Rxf7 Nxf7) 36. Qxg5 $11 Rf7 $1 {[%cal Rf7f1]} 37. Bxd5 {[%mdl 64] White wants to mate with Qh6. Pin} Re6 $1 {And now ...Rxf1+ would win.} 38. Rxf7 (38. Nxf8 Rxf1+ 39. Kxf1 Kxf8 $17) 38... Kxf7 39. Nf4 {[%mdl 64] Pin} (39. Nxf8 Kxf8 40. Bxe6 Nxe6 $17) 39... Bc2 (39... Qb1+ $11 40. Kf2 Qc2+ 41. Kf1 Bd7) 40. e4 $2 {[%mdl 8192]} ({Don't play} 40. Nxe6 $6 Nxe6 41. Qf4+ (41. Bxc4 Qb1+ 42. Kf2 Bf5 $11) 41... Ke8 $11) (40. Bxc4 $6 Qb1+ 41. Kf2 Bf5 $11) (40. Bxe6+ $16 {keeps the pressure on.} Nxe6 41. Qh5+ Kg8 42. Qd5 {[%mdl 64] Double Attack}) 40... Bxe4 41. Bxc4 Qb1+ 42. Kf2 Qc2+ 43. Ne2 Bd6 {White must now prevent ...Bg6.} 44. Qd2 (44. Qb5 $17) 44... Qa4 ({Not} 44... Bxh2 45. Bxe6+ Nxe6 46. d5 $11) 45. Bxe6+ Nxe6 46. Ng3 $2 (46. d5 Nc5 47. Qh6) 46... Bg6 $19 47. Qe3 (47. Ne2 $142) 47... Nf4 48. Bd2 Qa2 49. Ne2 Nd3+ {[%mdl 64] Discovered Attack} 50. Kg2 Kg8 51. Qg5 Qf7 {( -> ...Qf2+)} 52. Qd8+ $2 (52. Ng3 $19) 52... Kg7 {Black mates.} 53. Qh4 {[#]} Be4+ $1 {[%mdl 512]} 54. Kg1 (54. Qxe4 Qf2+) 54... Qf3 {[%csl Ge4][%cal Rf3h1]} 55. Qg5+ Kf7 {Weighted Error Value: White=0.52/Black=0.22} 0-1

[Event "XXVII RUS-chT Premier 2020"]
[Site "Sochi"]
[Date "2020.11.27"]
[Round "8.14"]
[White "Malakhov, Vladimir"]
[Black "Nozdrachev, Leonid"]
[Result "1-0"]
[WhiteElo "2676"]
[BlackElo "2391"]
[Annotator "TA"]
[PlyCount "113"]
[EventDate "2020.11.19"]
[EventType "team-tourn"]
[EventCountry "RUS"]
[SourceTitle "playchess.com"]
[Source "ChessBase"]
[SourceQuality "1"]

{[%evp 23,113,15,19,26,16,5,9,4,8,6,8,8,8,8,18,0,0,0,0,0,8,0,4,0,15,-6,24,28,37,23,31,37,30,26,36,6,15,10,6,5,5,4,5,5,6,10,20,27,27,27,34,34,45,27,35,32,124,108,181,181,262,262,262,262,262,262,241,238,863,867,807,803,785,788,758,726,945,970,945,925,916,891,833,726,2843,1456,1448,1397,1481,1555,1479,1422]} 1. Nf3 Nf6 2. g3 d5 3. Bg2 e6 4. O-O Be7 5. c4 O-O 6. d4 dxc4 7. Qc2 a6 8. a4 Bd7 9. Qxc4 Bc6 10. Bg5 Bd5 11. Qc2 Be4 12. Qc1 h6 13. Bxf6 {E05: Open Catalan: 5 Nf3 Be7.} Bxf6 14. Nc3 Bxf3 15. Bxf3 {The position is equal.} c6 16. e3 {16.e3 has lost popularity. is the legacy move (16.Rd1).} a5 17. Rd1 Na6 {[%cal Bb8a6,Ba6b4,Bb4d5,Bd5b6][%mdl 32]} 18. h4 {[#]} Qb6 $146 ({Predecessor:} 18... Nb4 19. Na2 Qe7 20. Nxb4 {½-½ (19) Adly,A (2607)-Tomashevsky,E (2705) Moscow 2019}) 19. h5 Rad8 20. Ne4 Be7 21. Qc4 Nb4 22. Rac1 {[%cal Ba1c1,Bc1c2,Bc2c5][%mdl 32]} Nd5 23. Rc2 Qb4 24. b3 Nb6 25. Qxb4 Bxb4 26. Nc5 Bxc5 27. Rxc5 Ra8 $1 28. e4 Rfd8 29. Kf1 Kf8 30. Ke2 Ra6 31. Ke3 Nd7 32. Rc4 Ke7 33. Be2 Rb6 34. Rb1 Rc8 35. f4 Rd8 36. g4 Rh8 37. Bf3 Rd8 38. Rb2 Re8 39. e5 f6 {Black is now going downhill.} (39... Ra8 $14) 40. b4 $1 $16 Ra8 (40... axb4 $16 41. a5 (41. Rcxb4 Rxb4 42. Rxb4 Rb8 $16) (41. Rbxb4 Kd8 $14) 41... Rb5) 41. b5 $18 fxe5 (41... Nf8 $142 42. Rcc2 Rb8) 42. fxe5 ({Don't do} 42. dxe5 $6 cxb5 43. Rc7 (43. Rxb5 Rxb5 44. axb5 a4 $14) (43. axb5 a4 $16) 43... Kd8 $16) 42... cxb5 43. axb5 a4 {[#]} 44. Rcb4 $1 Nb8 {[#]} 45. Be2 $1 Ra5 $2 (45... a3) 46. Ra2 {White is clearly winning.} a3 47. Rb3 Na6 48. Raxa3 Rxa3 49. Rxa3 {[%mdl 4096] Endgame KRB-KRN} Nb4 50. Ra5 Kd7 51. Kd2 Nd5 52. Kc2 Nf4 53. Bf1 g6 54. hxg6 Nxg6 55. Kb3 Nf4 56. Kc4 Kc7 57. Ra3 {Weighted Error Value: White=0.04/Black=0.16} 1-0

[Event "XXVII RUS-chT Premier 2020"]
[Site "Sochi"]
[Date "2020.11.27"]
[Round "8.15"]
[White "Smirnov, Timofey"]
[Black "Predke, Alexandr"]
[Result "1/2-1/2"]
[WhiteElo "2394"]
[BlackElo "2696"]
[Annotator "TA"]
[PlyCount "132"]
[EventDate "2020.11.19"]
[EventType "team-tourn"]
[EventCountry "RUS"]
[SourceTitle "playchess.com"]
[Source "ChessBase"]
[SourceQuality "1"]

{[%evp 14,132,18,11,0,-21,0,0,0,0,1,-19,0,-48,-44,-33,-36,-45,-37,-57,-54,-54,-50,-95,-86,-118,-42,-42,-42,-46,-43,-38,-38,-37,-41,-41,-38,-41,-20,-31,-34,-37,-41,-31,-22,-26,-15,-12,-12,-33,-32,-32,-32,-27,-20,-29,-19,-31,-32,-41,-34,-34,-34,-35,-25,-33,-27,-29,-22,-44,-5,-6,-7,-64,-64,-64,-64,-64,-64,-68,-64,-64,-54,-58,-58,-58,-58,-84,-84,-100,-58,-100,-58,-58,-58,-100,-8,-20,-20,-128,-128,-128,-19,-19,-19,-19,-19,-19,-19,-19,-19,-19,-19,-19,-19,-19,-4,-8,-8,-8,-8]} 1. e4 e5 2. Nf3 Nc6 3. Bc4 Bc5 4. O-O Nf6 5. d3 d6 6. c3 a6 7. Bb3 {7.a4 gains popularity.} O-O 8. Bg5 h6 {C54: Giuoco Piano: 4 c3 Nf6, main lines with 5 d4 and 5 d3.} 9. Be3 {[#]} (9. Bh4 {is more complex.} Ba7 10. a4 g5 11. Bg3 g4 12. Bh4) 9... Re8 $146 ({Predecessor:} 9... Ng4 10. d4 Ba7 11. Nbd2 Ne7 12. h3 Nxe3 13. fxe3 exd4 14. exd4 c5 15. Kh1 cxd4 16. Nxd4 {1-0 (29) Harikrishna,P (2668)-Landa,K (2678) Reggio Emilia 2008}) 10. Nbd2 Bxe3 11. fxe3 Be6 12. Re1 d5 13. Qc2 dxe4 14. Nxe4 Nxe4 15. dxe4 Nb8 16. Rad1 Nd7 17. Bd5 Qc8 18. Nd2 Nf6 19. Nc4 Rd8 ({Black should try} 19... Bg4 $17 20. Rd3 Bh5) 20. Nxe5 $15 Nxd5 21. exd5 Rxd5 22. Rxd5 Bxd5 23. e4 Be6 24. a3 Qf8 {[#] Hoping for ...Qc5+.} 25. Nf3 c5 26. h3 Qe7 27. Qf2 Rd8 28. Re2 Bc4 29. Rd2 Re8 30. e5 Bb5 31. Rd1 Bc6 32. Re1 Bd5 33. Nh4 g6 34. Nf3 Kg7 35. Nd2 Qg5 36. Nf3 Qf5 37. Qxc5 Bxf3 38. Rf1 $1 {[%mdl 64] [#] Pin} Rxe5 39. Qd4 Qe4 40. Rxf3 Qxd4+ 41. cxd4 $11 {[%mdl 4096] Endgame KR-KR} Rb5 42. b4 {[%cal Bb2b4,Bb4b5][%mdl 32]} Rd5 43. Rc3 (43. Rd3 $11) 43... Rxd4 $15 44. Rc7 Rd3 {...b5 is the strong threat.} 45. Rxb7 Rxa3 46. b5 a5 47. Ra7 g5 48. b6 Kg6 49. b7 Rb3 50. Rxa5 Rxb7 51. g4 Rb2 52. Ra6+ Kg7 53. Ra7 Re2 54. Rb7 h5 ({Black should play} 54... Kg6 $17) 55. Rb5 f6 {Threatens to win with ...hxg4.} 56. Rb7+ (56. gxh5 $11 Re4 57. Kf2) 56... Kg6 $17 {White must now prevent ...hxg4.} 57. Rb4 hxg4 (57... Re3 $17 58. Kg2 h4) 58. hxg4 $11 {The position is equal.} Rd2 59. Re4 Rc2 60. Kf1 Kf7 61. Kg1 {Cut Off at move 61} Rd2 62. Kf1 Rh2 63. Kg1 Rh4 {And now ...f5! would win.} 64. Kf2 f5 65. Re5 Rxg4 66. Rxf5+ Kg6 {Weighted Error Value: White=0.14/Black=0.14} 1/2-1/2

[Event "XXVII RUS-chT Premier 2020"]
[Site "Sochi"]
[Date "2020.11.27"]
[Round "8.16"]
[White "Inarkiev, Ernesto"]
[Black "Tsoi, Dmitry"]
[Result "1-0"]
[WhiteElo "2661"]
[BlackElo "2315"]
[Annotator "TA"]
[PlyCount "71"]
[EventDate "2020.11.19"]
[EventType "team-tourn"]
[EventCountry "RUS"]
[SourceTitle "playchess.com"]
[Source "ChessBase"]
[SourceQuality "1"]

{[%evp 17,71,36,32,38,53,39,46,46,44,48,44,33,33,35,56,29,29,33,32,28,25,24,37,35,33,18,37,41,74,72,204,199,201,200,238,242,370,360,362,343,485,478,647,632,584,534,1096,910,1143,1045,1115,1084,1387,1383,2057,1147]} 1. d4 d5 2. c4 e6 3. Nc3 f5 4. Bf4 Nf6 5. e3 c6 6. Nf3 Bd6 7. Bxd6 Qxd6 8. Be2 O-O 9. O-O Nbd7 10. Qc2 {A84: Dutch Defence: 2 c4 Miscellaneous.} Ne4 11. Rab1 {[#]} a6 $146 ({Predecessor:} 11... Rf6 12. b4 Rh6 13. g3 Ndf6 14. Ne5 Ng5 15. b5 Nh3+ 16. Kg2 Bd7 17. bxc6 Bxc6 {½-½ (29) Villagra Arce,H (1889)-Salazar Gould,M (1990) San Jose 2018}) 12. b4 {White is slightly better.} b5 13. c5 (13. cxb5 axb5 14. Rfc1 Bb7 $11) 13... Qe7 14. a4 {[%cal Ba2a4,Ba4b5][%mdl 32]} e5 15. Ra1 {[%cal Ra4b5]} Rb8 16. axb5 Nxc3 17. Qxc3 e4 18. Nd2 $36 {[%mdl 2048] White has some pressure.} axb5 19. Ra7 Qe6 20. Rfa1 Nf6 21. Qa3 Bd7 22. f4 exf3 23. Nxf3 (23. gxf3 Rbe8 $17) 23... Ng4 {This move loses the game for Black.} (23... Bc8 $16 {was worth a try.}) 24. h3 $18 Nh6 25. Ne5 Rbd8 {[#]} 26. Qa6 $1 Be8 (26... Nf7 $142) 27. Bxb5 (27. Qb7 Rf7 $18) 27... Nf7 28. Rxf7 ({Resist} 28. Bxc6 Nxe5 29. Bxe8 Qxe8 $18) ({Weaker is} 28. Nxc6 Bxc6 29. Bxc6 (29. Qxc6 Qxe3+ 30. Kh1 Qxd4 $14) 29... Qxe3+ 30. Kh1 Qxd4 $16) 28... Rxf7 (28... Bxf7 {might work better.} 29. Bxc6 (29. Qxc6 Qe7 $18) 29... f4 30. exf4 Qf5) 29. Bxc6 {White is clearly winning.} Qh6 30. Bxe8 Qxe3+ 31. Kh1 {Qe6! would kill now.} Rf6 32. Bf7+ Rxf7 33. Qe6 {[%mdl 64] [#] Pin} Rdf8 34. Qxd5 {[%mdl 64] Pin} h6 35. b5 f4 36. Rf1 {Weighted Error Value: White=0.03/Black=0.39} 1-0

[Event "XXVII RUS-chT Premier 2020"]
[Site "Sochi"]
[Date "2020.11.27"]
[Round "8.17"]
[White "Ter-Saakian, Grigorii"]
[Black "Popov, Ivan"]
[Result "1/2-1/2"]
[WhiteElo "2296"]
[BlackElo "2636"]
[Annotator "TA"]
[PlyCount "82"]
[EventDate "2020.11.19"]
[EventType "team-tourn"]
[EventCountry "RUS"]
[SourceTitle "playchess.com"]
[Source "ChessBase"]
[SourceQuality "1"]

{[%evp 18,82,0,-8,0,-14,-22,-16,35,20,36,22,14,23,22,14,14,14,37,18,16,-10,-12,-15,-8,-11,0,0,8,0,0,0,0,0,0,0,0,0,0,0,0,0,0,0,0,0,0,0,0,0,0,0,0,0,0,0,0,0,0,0,0,0,0,0,0,0,0]} 1. e4 c5 2. Ne2 Nc6 3. g3 g6 4. Bg2 Bg7 5. O-O d6 6. Nbc3 e6 7. d3 Nge7 8. Be3 Nd4 9. Qd2 O-O 10. Nd1 Nec6 {B26: Closed Sicilian: 3 g3, lines with early Be3.} 11. c3 (11. Nc1 {is more complex.} e5 12. c3 Ne6 13. Ne2 f5 14. f4) 11... Nxe2+ 12. Qxe2 b5 (12... b6 $11) 13. f4 Bb7 14. f5 {[#]} Ne5 $146 ({Predecessor:} 14... Rb8 15. Qd2 exf5 16. exf5 Ne5 17. Bxb7 Rxb7 18. Bh6 f6 19. Bxg7 Kxg7 20. Ne3 d5 {0-1 (39) Pilzak,M (1627)-Adamczewski,M (1742) Borowice 2012}) 15. fxe6 fxe6 16. Nf2 Qe7 17. Ng4 Nf7 18. Qd2 a5 {The position is equal.} 19. Nh6+ Nxh6 20. Bg5 Qd7 {[#] aiming for ...Nf7.} 21. Bxh6 b4 22. Bxg7 Qxg7 23. d4 cxd4 24. cxd4 e5 25. d5 Ba6 26. Rxf8+ Rxf8 27. Qe3 Qb7 28. Bf1 Bxf1 (28... Bb5 {with more complications.} 29. Bh3 a4 30. Rc1 Kg7 31. Be6 h5) 29. Rxf1 Rxf1+ 30. Kxf1 $11 {[%mdl 4096] Endgame KQ-KQ} Qc7 31. b3 Qc2 32. Qe2 Qb1+ 33. Kg2 h5 34. h4 Kg7 35. Kh2 Qa1 36. Qc2 Qc3 37. Qe2 Qa1 38. Kg2 Qd4 39. Qc2 Qe3 40. Kh2 Kh6 41. Qc8 {[%cal Rc8h8] [#]} Qf2+ {An uneventful encounter.  Weighted Error Value: White=0.04/Black=0.06} 1/2-1/2